| 000 | 00726nam a2200169 i 4500 | ||
|---|---|---|---|
| 001 | 165529 | ||
| 003 | ES-MaACL | ||
| 005 | 20250911063601.0 | ||
| 008 | 020327s1894 sp a |||| | spa d | ||
| 100 | 1 |
_aSoler, Francisco, _dn. 1838 _9132804 |
|
| 245 | 1 | 3 |
_aLa noche de ánimas en Monte-Moret _b: (historia que parece cuento) / _cpor Don Francisco Soler y Gómez ; precedida de un prólogo de Don Nicomedes Durán y Pereda. |
| 260 |
_aMadrid : _b[s.n.], _c1894 ( _fEstab. Tip. de P. Núñez) |
||
| 300 |
_a80 p. : _bil. ; _c19 cm. |
||
| 700 | 1 |
_aDurán y Pereda, Nicomedes. _9126886 |
|
| 852 |
_aES-MaACL _jT-1012-F-3 _z- Enc. hol., falto de la enc. editorial _z- Enc. en un vol. facticio |
||
| 999 |
_c165529 _d165529 |
||